000 00277nam a2200109Ia 4500
008 220204s9999 xx 000 0 und d
082 _a658.5
_bLUC;1
100 _aLuck, David J
245 0 _aProduct policy and strategy
260 _aNew Delhi
_bPrentice Hall
_c1976
942 _cBK
999 _c30563
_d30563